Цветы Мории: [стихи]

Bibliographic Details
Main Author: Рёрих (Рерих) Н. К. Николай Константинович
Other Authors: Сидоров В. Валентин (автор предисловия)
Summary:На пер. загл. не указано
В суперобложке.
Language:Russian
Published: Москва, Художественная литература, 1984
Subjects:
Format: MixedMaterials Book
KOHA link:https://koha.lib.tpu.ru/cgi-bin/koha/opac-detail.pl?biblionumber=232787

MARC

LEADER 00000nam0a2200000 4500
001 232787
005 20231101231210.0
010 |b 5000 экз. 
035 |a (RuTPU)RU\TPU\book\253841 
090 |a 232787 
100 |a 20130219d1984 m y0rusy50 ca 
101 0 |a rus 
102 |a RU 
105 |a a z 000gy 
200 1 |a Цветы Мории  |e [стихи]  |f Н. К. Рёрих (Рерих)  |g авт. предисл. В. Сидоров 
210 |a Москва  |c Художественная литература  |d 1984 
215 |a 150 с.  |c цв. ил.  |d 10 см. 
300 |a На пер. загл. не указано 
300 |a В суперобложке. 
610 1 |a русская литература 
610 1 |a поэзия 
610 1 |a 20 век 
610 1 |a стихи 
610 1 |a миниатюрные издания 
686 |a Ч611.68  |v LBC/SL-A  |2 rubbk 
700 1 |a Рёрих (Рерих)  |b Н. К.  |c российский живописец  |c театральный художник  |c археолог  |c путешественник  |c писатель  |f 1874-1947  |g Николай Константинович  |2 stltpush  |3 (RuTPU)RU\TPU\pers\303  |4 070  |4 040  |9 150 
702 1 |a Сидоров  |b В.  |g Валентин  |4 080 
801 1 |a RU  |b 63413507  |c 20130219 
942 |c BK